George Washington's spy / (Record no. 3)

MARC details
000 -LEADER
fixed length control field 01548cam a2200397 a 4500
001 - CONTROL NUMBER
control field 15903677
003 - CONTROL NUMBER IDENTIFIER
control field FISKH
005 - DATE AND TIME OF LATEST TRANSACTION
control field 20251126132511.0
008 - FIXED-LENGTH DATA ELEMENTS--GENERAL INFORMATION
fixed length control field 090911s2010 nyu c b 000 1 eng
010 ## - LIBRARY OF CONGRESS CONTROL NUMBER
LC control number 2009032700
020 ## - INTERNATIONAL STANDARD BOOK NUMBER
International Standard Book Number 9780545104876 (hardcover : alk. paper)
040 ## - CATALOGING SOURCE
Original cataloging agency DLC
Transcribing agency DLC
Modifying agency DLC
042 ## - AUTHENTICATION CODE
Authentication code lcac
043 ## - GEOGRAPHIC AREA CODE
Geographic area code n-us-ma
050 00 - LIBRARY OF CONGRESS CALL NUMBER
Classification number PZ7
Item number .W8606 Ge 2010
082 00 - DEWEY DECIMAL CLASSIFICATION NUMBER
Classification number 813.6
100 1# - MAIN ENTRY--PERSONAL NAME
Personal name Woodruff, Elvira.
245 10 - TITLE STATEMENT
Title George Washington's spy /
Statement of responsibility, etc. Elvira Woodruff.
250 ## - EDITION STATEMENT
Edition statement 1st ed.
260 ## - PUBLICATION, DISTRIBUTION, ETC.
Place of publication, distribution, etc. New York :
Name of publisher, distributor, etc. Scholastic Press,
Date of publication, distribution, etc. 2012.
300 ## - PHYSICAL DESCRIPTION
Extent 229 p.
Dimensions 20 cm.
500 ## - GENERAL NOTE
General note Sequel to: George Washington's socks!
504 ## - BIBLIOGRAPHY, ETC. NOTE
Bibliography, etc. note Includes bibliographical references.
520 ## - SUMMARY, ETC.
Summary, etc. Ten-year-old Matt and six other children travel to 1776 Boston, living out American history as they meet Benjamin Franklin, learn about colonial medicine, and become part of a rebel spy ring.
521 ## - TARGET AUDIENCE NOTE
Target audience note 710
Source Lexile
521 ## - TARGET AUDIENCE NOTE
Target audience note R
Source Raz-Paz
600 10 - SUBJECT ADDED ENTRY--PERSONAL NAME
Personal name Franklin, Benjamin,
Dates associated with a name 1706-1790
Form subdivision Juvenile fiction.
600 11 - SUBJECT ADDED ENTRY--PERSONAL NAME
Personal name Franklin, Benjamin,
Dates associated with a name 1706-1790
Form subdivision Fiction.
650 #1 - SUBJECT ADDED ENTRY--TOPICAL TERM
Topical term or geographic name entry element Spies
Form subdivision Fiction.
650 #1 - SUBJECT ADDED ENTRY--TOPICAL TERM
Topical term or geographic name entry element Space and time
Form subdivision Fiction.
651 #0 - SUBJECT ADDED ENTRY--GEOGRAPHIC NAME
Geographic name Boston (Mass.)
General subdivision History
Chronological subdivision Revolution, 1775-1783
Form subdivision Juvenile fiction.
651 #1 - SUBJECT ADDED ENTRY--GEOGRAPHIC NAME
Geographic name Boston (Mass.)
General subdivision History
Chronological subdivision Revolution, 1775-1783
Form subdivision Fiction.
906 ## - LOCAL DATA ELEMENT F, LDF (RLIN)
a 7
b cbc
c orignew
d 1
e ecip
f 20
g y-gencatlg
942 ## - ADDED ENTRY ELEMENTS (KOHA)
Source of classification or shelving scheme Library of Congress Classification
Koha item type Books
Suppress in OPAC No
Holdings
Withdrawn status Lost status Source of classification or shelving scheme Damaged status Not for loan Collection Home library Current library Shelving location Date acquired Total Checkouts Full call number Barcode Date last seen Copy number Price effective from Koha item type
    Dewey Decimal Classification     Juvenile Fiction Footprints International School Library Network Toul Kork Campus Footprints International School Library Network Toul Kork Campus TK Primary Library Room(4th Floor), Bookcase 5&6, Shelves 33-56, Orange Books 01/03/2023   WOO 813.6 PZ7.W8606 Ge 2010 FISTK04955 02/07/2023 1 01/03/2023 Books
    Dewey Decimal Classification     Juvenile Fiction Footprints International School Library Network Toul Kork Campus Footprints International School Library Network Toul Kork Campus TK Primary Library Room(4th Floor), Bookcase 5&6, Shelves 33-56, Orange Books 01/03/2023   WOO 813.6 PZ7.W8606 Ge 2010 FISTK00354 03/20/2023 2 01/03/2023 Books
    Dewey Decimal Classification     Juvenile Fiction Footprints International School Library Network Toul Tom Poung Campus Footprints International School Library Network Toul Tom Poung Campus TTP Primary Orange Bookshelves 11/26/2025   WOO 813.6 PZ7.W8606 Ge 2010 FISSE00972 11/26/2025 3 11/26/2025 Books